000 00778nam a22002297a 4500
005 20170124110227.0
010 _aB-167372
020 _c1000.00
_a8180691842
035 _aB-167372
037 _bCen Lib/Ret
040 _aDPL
_bEN
082 _a328.54
_bHAN
245 _aHandbook on the working of ministry of parliament affairs /
_cedited by V.K. Agnihotri
260 _aNew Delhi
_bConcept Publishing Company
_c2004
270 _bNew Delhi
_aA/15-16, commercial block, mhan garden
_e110059
300 _axvii, 570p.
_c21cm(Hb)
500 _aIncludes index
650 _aMinistry of parliament affairs
_zIndia
_940912
650 _aRules and practice
_vManuals
_940913
700 _aAgnihotri, V.K.
_940914
942 _2ddc
_cEN
_h328.54
_mHAN
999 _c134503
_d134503